000 00605nam a22001577a 4500
003 OSt
005 20150915090440.0
008 150915b xxu||||| |||| 00| 0 eng d
040 _cRUA
082 _aAGR THE 1999 B024 Or.1
100 _9476
_aTHEN, RATHMUNY.
245 _aScreening rice varieties for resistance to brown planthopper ពីសោធន៍តាមដានរកពូជស្រូវធន់នឹងការបំផ្លាញរបស់សត្វល្អិតមមាចត្នោត
260 _aPhnom Penh
_bRUA
_c1999
300 _a70p.
_bill.
_c29cm.
942 _2ddc
_cAGR
999 _c456
_d456